| 000 | 00560nam a22001577a 4500 | ||
|---|---|---|---|
| 999 |
_c536277 _d536277 |
||
| 020 | _qHard Cover. | ||
| 082 | _a614 | ||
| 100 | _aSalahuddin Sadi | ||
| 245 |
_aAssessing Central Line Associated Bloodstream Infections Rates by Infection Control Monitoring of a Hemodialysis Unit / _cSalahuddin Sadi |
||
| 260 |
_aIslamabad : _bAMC - NUST, _c2015. |
||
| 300 |
_ax, 56 p. : ill. ; _c30cm. |
||
| 942 |
_2ddc _cPR |
||
| 650 |
_aCommunity Medicine-MS-Thesis _930577 |
||
| 700 |
_aDr. Mahmood Ur Raham. _931338 |
||